000 00637nam a2200277Ia 4500
005 20260324150547.0
008 008 260324s9999 xx 000 0 eng d
020 _a9781003135272
037 _aEBOOK
040 _aCRL
040 _beng
040 _cCRL
041 _2eng
041 _aeng
084 _qCRL
100 _aS. M. Salim
_91226842
245 0 _aMarsh Dwellers of the Euphrates Delta
260 _bTaylor and Francis
260 _c1962
365 _a
365 _b180
856 _uhttp://www.taylorfrancis.com/books/9781003135272
942 _cEBOOK
999 _c1836495
_d1836495